Marketingkommunikáció és márkaépítés a kisvállalkozások világában

Elmentve itt :
Bibliográfiai részletek
Szerző: Boros Gyevi Dávid
További közreműködők: Imreh-Tóth Mónika (Témavezető)
Dokumentumtípus: Szakdolgozat
Megjelent: 2022
Tárgyszavak:
Online Access:http://diploma.bibl.u-szeged.hu/134346
LEADER 00816nta a2200205 i 4500
001 dipl134346
005 20230904105350.0
008 230728s2022 hu om 0|| hun d
040 |a SZTE Diploma Repozitórium  |b hun 
041 |a hun 
100 2 |a Boros Gyevi Dávid 
245 1 0 |a Marketingkommunikáció és márkaépítés a kisvállalkozások világában  |h [elektronikus dokumentum] /  |c Dávid Boros Gyevi 
246 1 0 |a Marketing communication and branding in the world of small businesses  |h [elektronikus dokumentum] 
260 |c 2022 
650 4 |a Gazdaságtudományok 
650 4 |a Social sciences 
650 4 |a Economics and business 
650 4 |a Business and management 
700 2 |a Imreh-Tóth Mónika  |e ths 
856 4 0 |u https://diploma.bibl.u-szeged.hu/id/eprint/134346/1/2022_boros_gyevi_david.pdf  |z Dokumentum-elérés